000 00453nam a2200145 a 4500
001 000022532
005 20200930021647.0
008 101013s1946 dr bd 000 0 fre d
040 _aDO-SdBNP
_bfre
_cBNPHU
082 _axxx
_bC236r
245 0 0 _aCapacite de la Republique Dominicaine pour absorber des refugies.
260 _aCiudad Trujillo, República Dominicana :
_bMontalvo,
_c1946.
300 _a122 p. :
_bdiagram. ; map. ;
_c24 cm.
049 _aBNPD
999 _c22029
_d22029